<?xml version="1.0" encoding="UTF-8"?>
<collection xmlns="http://www.loc.gov/MARC21/slim">
 <record>
  <leader>01351cam a2200217   4500</leader>
  <controlfield tag="001">1/32602</controlfield>
  <controlfield tag="008">070116s20069999gr            10110 gre d</controlfield>
  <datafield tag="020" ind1=" " ind2=" ">
   <subfield code="a">9608775353</subfield>
  </datafield>
  <datafield tag="035" ind1=" " ind2=" ">
   <subfield code="l">34978</subfield>
  </datafield>
  <datafield tag="040" ind1=" " ind2=" ">
   <subfield code="a">GR-PeUP</subfield>
  </datafield>
  <datafield tag="082" ind1="0" ind2="0">
   <subfield code="a">027.7 ΠΑΝ</subfield>
  </datafield>
  <datafield tag="111" ind1="2" ind2=" ">
   <subfield code="a">Πανελλήνιο Συνέδριο Ακαδημαϊκών Βιβλιοθηκών</subfield>
   <subfield code="n">(14o</subfield>
   <subfield code="d">2005 :</subfield>
   <subfield code="c">Αθήνα, Ελλάδα)</subfield>
  </datafield>
  <datafield tag="245" ind1="1" ind2="0">
   <subfield code="a">Διαχείριση της γνώσης :</subfield>
   <subfield code="b">ο παγκόσμιος ιστός και οι μονάδες πληροφόρησης (1-3 Δεκεμβρίου 2005) πρακτικά /</subfield>
   <subfield code="c">Τεχνολογικό Εκπαιδευτικό Ιδρυμα Αθήνας</subfield>
  </datafield>
  <datafield tag="260" ind1=" " ind2=" ">
   <subfield code="a">Αθήνα :</subfield>
   <subfield code="b">Τεχνολογικό Εκπαιδευτικό Ιδρυμα Αθήνας,</subfield>
   <subfield code="c">2006.</subfield>
  </datafield>
  <datafield tag="300" ind1=" " ind2=" ">
   <subfield code="a">473 σ. :</subfield>
   <subfield code="b">εικ. ;</subfield>
   <subfield code="c">25 εκ.</subfield>
  </datafield>
  <datafield tag="650" ind1=" " ind2="4">
   <subfield code="a">Βιβλιοθηκονομία</subfield>
   <subfield code="z">Ελλάδα</subfield>
   <subfield code="x">Συνέδρια.</subfield>
  </datafield>
  <datafield tag="650" ind1=" " ind2="4">
   <subfield code="a">Βιβλιοθήκες, Ακαδημαϊκές</subfield>
   <subfield code="z">Ελλάδα</subfield>
   <subfield code="x">Συνέδρια.</subfield>
  </datafield>
  <datafield tag="650" ind1=" " ind2="4">
   <subfield code="a">Δίκτυα πληροφόρησης.</subfield>
  </datafield>
  <datafield tag="710" ind1="2" ind2=" ">
   <subfield code="a">Τεχνολογικό Εκπαιδευτικό Ιδρυμα Αθήνας.</subfield>
  </datafield>
  <datafield tag="852" ind1=" " ind2=" ">
   <subfield code="a">INST</subfield>
   <subfield code="b">UNIPILB</subfield>
   <subfield code="c">MAIN</subfield>
   <subfield code="e">20070518</subfield>
   <subfield code="h">027.7 ΠΑΝ</subfield>
   <subfield code="p">00152835</subfield>
   <subfield code="q">00152835</subfield>
   <subfield code="t">LOAN</subfield>
   <subfield code="y">23</subfield>
   <subfield code="4">1</subfield>
  </datafield>
  <datafield tag="852" ind1=" " ind2=" ">
   <subfield code="a">INST</subfield>
   <subfield code="b">UNIPILB</subfield>
   <subfield code="c">MAIN</subfield>
   <subfield code="e">20070704</subfield>
   <subfield code="h">027.7 ΠΑΝ</subfield>
   <subfield code="p">00153319</subfield>
   <subfield code="q">00153319</subfield>
   <subfield code="t">LOAN</subfield>
   <subfield code="y">0</subfield>
   <subfield code="4">2</subfield>
  </datafield>
 </record>
</collection>
